Statistics for States Abbreviations Quiz

Click here to take the quiz!

General Stats

  • This quiz has been taken 47 times
    (34 since last reset)
  • The average score is 47 of 50

Answer Stats

StateAbbr.% Correct
ColoradoCO
100%
FloridaFL
100%
GeorgiaGA
100%
IdahoID
100%
KentuckyKY
100%
MissouriMO
100%
MississippiMS
100%
New JerseyNJ
100%
New MexicoNM
100%
NevadaNV
100%
OhioOH
100%
TennesseeTN
100%
WisconsinWI
100%
AlaskaAK
95%
AlabamaAL
95%
ArizonaAZ
95%
CaliforniaCA
95%
HawaiiHI
95%
IowaIA
95%
MassachusettsMA
95%
MarylandMD
95%
MichiganMI
95%
MinnesotaMN
95%
MontanaMT
95%
North DakotaND
95%
NebraskaNE
95%
New HampshireNH
95%
South CarolinaSC
95%
South DakotaSD
95%
UtahUT
95%
VirginiaVA
95%
VermontVT
95%
West VirginiaWV
95%
ArkansasAR
89%
ConnecticutCT
89%
DelawareDE
89%
IllinoisIL
89%
IndianaIN
89%
KansasKS
89%
LouisianaLA
89%
MaineME
89%
North CarolinaNC
89%
New YorkNY
89%
OklahomaOK
89%
WyomingWY
89%
OregonOR
84%
PennsylvaniaPA
84%
Rhode IslandRI
84%
TexasTX
84%
WashingtonWA
84%

Score Distribution

Percentile by Number Answered

Percent of People with Each Score

Your Score History

You have not taken this quiz since the last reset